| 000 | 00520nam a22001817a 4500 | ||
|---|---|---|---|
| 005 | 20251108172910.0 | ||
| 008 | 250721s2000 xx 000 0 ara d | ||
| 082 | 1 | 4 | _a214.2/إسم |
| 100 | 1 | _aإسماعيل، محمد بكر | |
| 245 | 1 | 0 | _aأسماء الله الحسنى آثارها و أسرارها / |
| 264 | 1 |
_aالقاهرة : _bدار المنار، _c2000. |
|
| 300 | _a406 ص | ||
| 650 | 1 | 7 | _aالله |
| 650 | 1 | 7 | _aالإلهيات |
| 650 | 1 | 7 | _aالأسماء |
| 942 |
_2ddc _cBK |
||
| 999 |
_c91285 _d91285 |
||